000 00779nam a2200253 i 4500
003 DO-SdBNP
005 20260204135024.0
007 ta
008 260204b1987 dr ac||| |||| 00| 0 spa d
040 _aDO-SdBNP
_bspa
_cBNPHU
_erda
041 _aspa
082 4 _axxx
_bxxx
_222
100 _aHerrero, Ricardo,
_eautor
_4aut.
_984613
245 1 _aQuiero amar ! /
_cRicardo Herrero
264 4 _aSanto Domingo :
_bUnión Nacional de Colegios Católicos de República Dominicana,
_c©1987.
300 _a189 páginas :
_bilustraciones ;
_c24 cm.
336 _atexto
_btxt
_2rdacontent
337 _asin mediación
_bn
_2rdamedia
338 _avolumen
_bnc
_2rdacarrier
490 1 _aColección Vida
_v8
590 _aInventariado, 2026/BT
910 _aBtavárez
942 _2ddc
_cLBS1
999 _c60225
_d60225